01198cam a22003974i 4500003000900000005001700009008004100026020001500067035002700082040003300109082002500142100002900167245006500196264005400261300004400315336002100359337002500380338002300405504004500428505014400473526001000617526001000627526000900637526000900646526000900655526000900664526000900673526000900682526000900691526000800700526000800708526000800716526000800724526000800732650006000740PE-LiUPU20250731165648.0150616s r 000 0 d a0195112156 a(Sirsi) i9780195112153 aPE-LiUPUbspacPE-LiUPUerda04a913.095603ebA152211 aMeyers, Eric M.,eautor.14aThe Orford Encyclopedia of Archaeology in the Near East.n1. 1aNew York :bOxford University Press, Inc.,c1997. a492 páginas :bil ;c29 centímetros atext2rdacontent aunmediated2rdamedia avolume2rdacarrier aBibliografía al final de cada palabra.0 aThe Oxford encyclopedia of archaeology in the near east.- Appendix 1: egiptian Aramaic Texts.- Appendix 2: chronologies.- Appendix 3: maps. aSEG44 aSEG26 aP151 aP150 aP149 aP146 aP145 aP126 aP125 aP92 aP75 aP74 aP27 aP1504aARQUEOLOGIA - CERCANO ORIENTE - ENCICLOPEDIAS (A-CHUE).